000 00380nam a2200157Ia 4500
008 231217s9999 xx 000 0 und d
041 _aEnglish
082 _a519.5 FRE;3 R
100 _aFreund, John E
245 0 _aMathematical statistics
250 _a7th ed.
260 _c2004
_bPHI
_aNew Delhi
300 _ax+614
650 _aMathematical,statistics
942 _cAA
999 _c171220
_d171220